000
00264 a2200121 4500
245
_a
The oxford dictionary of art
_h
Text
020
_a
0198661339
100
_a
Ian Chilvers
100
_a
Harold Osborne
100
_a
Dennis Farr
650
_a
ART
005
20191021095913.0
084
_a
NONE
999
_c
12824
_d
12824